<?xml version="1.0" encoding="UTF-8"?>
<collection xmlns="http://www.loc.gov/MARC21/slim">
  <record>
    <leader>00000nam  2200000   4500</leader>
    <controlfield tag="001">INLIS000000000017316</controlfield>
    <controlfield tag="005">20240830113744</controlfield>
    <datafield tag="035" ind1="#" ind2="#">
      <subfield code="a">0010-0724000049</subfield>
    </datafield>
    <controlfield tag="007">ta</controlfield>
    <controlfield tag="008">240830################|##########|#|##</controlfield>
    <datafield tag="084" ind1="#" ind2="#">
      <subfield code="a">R 030 PKA 2023</subfield>
    </datafield>
    <datafield tag="100" ind1=" " ind2="#">
      <subfield code="a">R. Theodora Eva Yuliana</subfield>
    </datafield>
    <datafield tag="245" ind1="1" ind2="#">
      <subfield code="a">Peningkatan Layanan Akreditasi Diklat Teknis Penanggulangan Bencana Melalui Pengembangan SOP dan Platform Siakang /</subfield>
      <subfield code="c">R. Theodora Eva Yuliana</subfield>
    </datafield>
    <datafield tag="260" ind1="#" ind2="#">
      <subfield code="a">Jakarta :</subfield>
      <subfield code="b">Pusbangkom Pimnas dan Manajerial ASN,</subfield>
      <subfield code="c">2023</subfield>
    </datafield>
    <datafield tag="300" ind1="#" ind2="#">
      <subfield code="a">100 halaman ;</subfield>
      <subfield code="c">30 cm</subfield>
    </datafield>
    <datafield tag="650" ind1="#" ind2="4">
      <subfield code="a">Akreditasi</subfield>
    </datafield>
    <datafield tag="650" ind1="#" ind2="4">
      <subfield code="a">Diklat Teknis</subfield>
    </datafield>
    <datafield tag="650" ind1="#" ind2="4">
      <subfield code="a">SOP</subfield>
    </datafield>
    <datafield tag="520" ind1="#" ind2="#">
      <subfield code="a">Bencana dapat menganggu ketahanan nasional karena dapat memicu kelumpuhan pemerintahan suatu negara. Undang-Undang Nomor 24 Tahun 2007 tentang Penanggulangan Bencana, mengubah paradigma penyelenggaraan penanggulangan bencana yang dilaksanakan secara terencana, terintegrasi, terkoordinasi dan komprehensif. Salah satu upaya untuk mewujudkan arahan tersebut adalah meningkatkan kapasitas manajemen  penanggulangan bencana pemerintah dan pemerintah daerah serta kesiapan masyarakat dalam menghadapi ancaman bencana dengan berisiko tinggi. Peningkatan kapasitas sumber daya manusia di bidang kebencanaan, selanjutnya menjadi penetapan sasaran Pusdikat PB yang meliputi peningkatan kapasitas aparatur pemerintah, pemerintah daerah, lembaga non pemerintah, perguruan tinggi, media dan masyarakat. Untuk meningkatkan kapasitas sumber daya manusia dibidang penanggulangan bencana, perlu adanya pengelolaan pelatihan yang diarahkan kepada meningkatnya kapasitas manajemen penyelenggaraan pelatihan penanggulangan bencana guna membangun kemandirian dalam meningkatan kapasitas masyarakat di daerah khususnya dilevel masyarakat.</subfield>
    </datafield>
    <datafield tag="856" ind1="#" ind2="#">
      <subfield code="a">Perpustakaan LAN Pusat</subfield>
    </datafield>
    <datafield tag="990" ind1="#" ind2="#">
      <subfield code="a">24.07.030</subfield>
    </datafield>
  </record>
</collection>
